Countries with one Syllable - Statistics

General Stats
  • This quiz has been taken 151 times
    113 since last reset
  • The average score is 4 of 5
Answer Stats
Answer % Correct
Chad
84%
France
77%
Laos
76%
Spain
71%
Greece
57%
No matching quizzes found
Score Distribution
Percent of People with Each Score
Percentile by Number Answered
Your Score History
You have not taken this quiz since the last reset